Limnological methods

Shranjeno v:
Bibliografske podrobnosti
Glavni avtor: Welch, Paul S
Format: Knjiga
Jezik:angleščina
Izdano: New York, USA McGraw-Hill 1948
Teme:
Oznake: Označite
Brez oznak, prvi označite!

MARC

LEADER 00000nam a2200000 a 4500
001 UCV4876
003 CL-VaPUC
005 20210313001906.0
008 900727e19480000US |||||||||||||||||eng|d
999 |c 211520  |d 211518 
040 |c Pontificia Universidad Católica de Valparaíso 
082 0 4 |a 551.482 WEL 1948  |2 21 
100 0 |a Welch, Paul S  |9 299052 
245 1 0 |a Limnological methods 
260 |a New York, USA  |b McGraw-Hill  |c 1948 
300 |a 381 páginas 
583 |a last modification  |c 20171031 11:00:01  |k Rodrigo Vera 
650 7 |a LIMNOLOGIA  |2 CL-VaPUC  |9 261208 
650 0 |a Ecología   |9 258124 
650 7 |a LAGOS  |2 CL-VaPUC  |9 261209 
942 |c BK  |2 ddc 
945 |d 19900727 00:00:00